مكتبة جامعة عجلون الوطنية

فهرس بحث المكتبة

Auditing / (Record no. 33229)

MARC details
000 -LEADER
fixed length control field 00846cam a2200277 a 4500
001 - CONTROL NUMBER
control field 693870
003 - CONTROL NUMBER IDENTIFIER
control field JO-AjAnu
005 - DATE AND TIME OF LATEST TRANSACTION
control field 20231202131403.0
008 - FIXED-LENGTH DATA ELEMENTS--GENERAL INFORMATION
fixed length control field 961126s1997 maua b 001 0 eng
010 ## - LIBRARY OF CONGRESS CONTROL NUMBER
LC control number 96076918
020 ## - INTERNATIONAL STANDARD BOOK NUMBER
International Standard Book Number 0395791162
040 ## - CATALOGING SOURCE
Original cataloging agency DLC
Transcribing agency DLC
Modifying agency JO-AjAnu
050 00 - LIBRARY OF CONGRESS CALL NUMBER
Classification number HF5667
Item number .K497 1997
082 00 - DEWEY DECIMAL CLASSIFICATION NUMBER
Classification number 657/.45
Edition number 21
100 1# - MAIN ENTRY--PERSONAL NAME
Personal name Kiger, Jack E.
Relator term Author
245 10 - TITLE STATEMENT
Title Auditing /
Statement of responsibility, etc. Jack E. Kiger, James H. Scheiner.
250 ## - EDITION STATEMENT
Edition statement 2nd ed.
260 ## - PUBLICATION, DISTRIBUTION, ETC.
Place of publication, distribution, etc. Boston :
Name of publisher, distributor, etc. Houghton Mifflin,
Date of publication, distribution, etc. c1997.
300 ## - PHYSICAL DESCRIPTION
Extent xxv, 918 p. :
Other physical details ill. ;
Dimensions 27 cm.
504 ## - BIBLIOGRAPHY, ETC. NOTE
Bibliography, etc. note Includes bibliographical references and indexes.
650 #0 - SUBJECT ADDED ENTRY--TOPICAL TERM
Topical term or geographic name entry element Auditing.
700 1# - ADDED ENTRY--PERSONAL NAME
Personal name Scheiner, James H.
Relator term joint author
906 ## - LOCAL DATA ELEMENT F, LDF (RLIN)
a 7
b cbc
c orignew
d 2
e opcn
f 19
g y-gencatlg
942 ## - ADDED ENTRY ELEMENTS (KOHA)
Source of classification or shelving scheme Library of Congress Classification
Koha item type Books
Suppress in OPAC No
Holdings
Withdrawn status Lost status Source of classification or shelving scheme Damaged status Not for loan Home library Current library Date acquired Total Checkouts Full call number Barcode Date last seen Price effective from Koha item type
    Library of Congress Classification     مكتبة جامعة عجلون الوطنية مكتبة جامعة عجلون الوطنية 02/12/2023   HF5635.K53.1997 E3584 02/12/2023 02/12/2023 Books